00659nam a22001697a 4500003000900000008004100009040007100050082001800121100001600139245008300155260003600238300004800274505012200322650001700444650001900461650000900480AR-CdUCM190325b ||||| |||| 00| 0 eng d aMUNICIPALIDAD PROVINCIAL DEL CUSCOcBIBLIOTECA MUNICIPAL DEL CUSCO a985.6 /bAD23 aAdams, Mark aTurn right at Machu Picchu :brediscovering the Lost City One Step at a Time / aLondon :bPenguin Group,c2011. a333 páginas ;bImágenes, mapas.c20 cm. aContenido: The three Hirams -- Itinerant Scholar -- Explorer -- Legend of the lost city -- Peruvian standard time ... aMachu Picchu aDescubrimiento a1911